Banner

Evolución y perspectivas del contrato de seguro en Colombia (1971-2001) / (Record no. 693)

MARC details
000 -LEADER
campo de control de longitud fija 01106nam a22002657a 4500
001 - NÚMERO DE CONTROL
campo de control 002245
003 - IDENTIFICADOR DE NÚMERO DE CONTROL
campo de control CoMeUDC002245
005 - FECHA Y HORA DE LA ÚLTIMA TRANSACCIÓN
campo de control 20190114184054.0
008 - DATOS DE LONGITUD FIJA--INFORMACIÓN GENERAL
campo de control de longitud fija 130821s2001 ck gr spa
020 ## - NÚMERO INTERNACIONAL ESTÁNDAR DEL LIBRO
Número Internacional Estándar del Libro 9583327239
040 ## - FUENTE DE CATALOGACIÓN
Centro catalogador/agencia de origen Co-BoUCM
Lengua de catalogación spa
Centro/agencia transcriptor CoMeUDC
Centro/agencia modificador Henry Ríos (modificó)
041 00 - CÓDIGO DE IDIOMA
Código de lengua del texto/banda sonora o título independiente spa
082 04 - NÚMERO DE LA CLASIFICACIÓN DECIMAL DEWEY
Número de clasificación 346.086
Información de edición 20
Número de ítem A837e
245 00 - MENCIÓN DEL TÍTULO
Título Evolución y perspectivas del contrato de seguro en Colombia (1971-2001) /
Mención de responsabilidad, etc. Asociación Colombiana de Derecho de Seguros.
260 ## - PUBLICACIÓN, DISTRIBUCIÓN, ETC.
Lugar de publicación, distribución, etc. Bogotá (Colombia) :
Nombre del editor, distribuidor, etc. Editora Guadalupe,
Fecha de publicación, distribución, etc. 2001.
300 ## - DESCRIPCIÓN FÍSICA
Extensión xxii, 320 páginas.
500 ## - NOTA GENERAL
Nota general Memorias del cuadragésimo aniversario de ACOLDESE y del trigésimo aniversario del Código de Comercio
650 #7 - PUNTO DE ACCESO ADICIONAL DE MATERIA--TÉRMINO DE MATERIA
Término de materia o nombre geográfico como elemento de entrada Contrato de seguros
Subdivisión general Legislación
Subdivisión cronológica 1971-2001
Subdivisión geográfica Colombia
9 (RLIN) 144
650 #7 - PUNTO DE ACCESO ADICIONAL DE MATERIA--TÉRMINO DE MATERIA
Término de materia o nombre geográfico como elemento de entrada Derecho comercial
Subdivisión geográfica Colombia
9 (RLIN) 33552
650 #7 - PUNTO DE ACCESO ADICIONAL DE MATERIA--TÉRMINO DE MATERIA
Término de materia o nombre geográfico como elemento de entrada Derecho de seguros
Subdivisión geográfica Colombia
9 (RLIN) 12749
650 #7 - PUNTO DE ACCESO ADICIONAL DE MATERIA--TÉRMINO DE MATERIA
Término de materia o nombre geográfico como elemento de entrada Seguros
Subdivisión general Aspectos jurídicos
Subdivisión geográfica Colombia
9 (RLIN) 8084
690 ## - PUNTO DE ACCESO ADICIONAL DE MATERIA LOCAL--TÉRMINO DE MATERIA (OCLC, RLIN)
9 (RLIN) 42767
Término de materia o nombre geográfico como elemento inicial Derecho comercial
710 2# - ENTRADA AGREGADA--NOMBRE DE ENTIDAD CORPORATIVA
Nombre de entidad corporativa o nombre de jurisdicción como elemento de entrada Asociación Colombiana de Derecho de Seguros. ACOLDESE
9 (RLIN) 3886
942 ## - ELEMENTOS DE ENTRADA SECUNDARIOS (KOHA)
Tipo de ítem Koha Libros
Código de la institución [OBSOLETO] 8
Edición 1
Sufijo de la signatura E938
Fuente del sistema de clasificación o colocación Clasificación Decimal Dewey
Parte de la signatura que corresponde a la clasificación (Parte de la clasificación) 346.086
Holdings
Estatus retirado Estado de pérdida Fuente del sistema de clasificación o colocación Estado de daño No para préstamo Colección Biblioteca de origen Biblioteca actual Fecha de adquisición Fuente de adquisición Signatura topográfica completa Código de barras Visto por última vez Copia número Precio de reemplazo Tipo de ítem Koha
    Clasificación Decimal Dewey     Colección general U DE COLOMBIA - Biblioteca U DE COLOMBIA - Biblioteca 14/01/2019 Compra 346.086 A837e 002245 14/01/2019 1 14/01/2019 Libros


Biblioteca Académica Corporación Universitaria U DE COLOMBIA | Teléfono: +(57) (4) 2398080 ext. 1112 | E-mail: biblioteca@udecolombia.edu.co | Dirección: Calle 56 Nº 41 – 147 (Bolivia con Girardot)
Horario de atención: lunes a viernes 8:00 a.m. a 8:00 p.m. - sábados 8:00 a.m. a 4:00 p.m.
Implementado por Grupo EGS.

Powered by Koha